000 01279nam0a22002891 4500
001 rc\1023796
005 20250622082355.0
035 _a(NLR Aleph) 006188171
090 _a6137730
_c6137730
100 _a20041129d1981 |||y0rusy50 ca
101 0 _arus
102 _aRU
105 _ay |||||||||
200 1 _aПовышение эксплуатационной стойкости и долговечности деталей машин упрочняющей металлизацией
_fВ.М. Волков и др.
210 _aМинск
_cБелНИИНТИ
_d1981
215 _a14 с.
_d20
225 1 _aЭкспресс-информация
_fБелорус. НИИНТИ и техн.-экон. исслед. Госплана БССР
_iСерия "Машиностроение и металлообработка"
300 _aБез тит. л. и обл.
320 _aБиблиогр.: с. 14
333 _aДСП. Экз. № 5
702 1 _4070
_7ca
_8rus
_aВолков
_bВ. М.
_cспециалист в области металлообработки
_gВиктор Михайлович
_9226468
_3RU\NLR\AUTH\770226524
801 0 _aRU
_bNLR
_gpsbo
801 1 _aRU
_bELAR
_2rusmarc
852 _aNLR
_j81-50К/3537
942 _cBOOK
980 _aNB